| 000 | 01185cam a22003373a 4500 | ||
|---|---|---|---|
| 001 | 2781 | ||
| 003 | FISKH | ||
| 005 | 20240115115015.0 | ||
| 008 | 061102r20072005nyu c 000 1 eng d | ||
| 010 | _a 2006281585 | ||
| 020 | _a0439901855 (pbk.) | ||
| 020 | _a9780439901857 | ||
| 035 | _a(OCoLC)ocm71781829 | ||
| 040 |
_aTDS _cTDS _dDLC _beng |
||
| 050 | 0 | 0 | _aMLCS 2006/45757 (M) |
| 082 | _a823.914 | ||
| 100 | 1 | _aD'Lacey, Chris. | |
| 245 | 1 | 0 |
_aFire star / _cChris D'Lacey. |
| 250 | _aThis edition first printing, January 2008 | ||
| 260 |
_aNew York : _bScholastic, _c2005 |
||
| 300 |
_a548 pages ; _c20 cm |
||
| 520 | _aDavid Rain is faced with the most perilous task yet when Gwilanna returns, this time determined to resurrect the dragon Gawain on the ice cap of the Tooth of Ragnar, unless David and her friends can stop her. | ||
| 650 | 0 | _aParanormal fiction. | |
| 650 | 0 |
_aBears _vJuvenile fiction. |
|
| 650 | 0 |
_aDragons _vJuvenile fiction. |
|
| 650 | 0 |
_aAuthorship _vJuvenile fiction. |
|
| 650 | 0 |
_aBoardinghouses _vJuvenile fiction. |
|
| 651 | 0 |
_aArctic Regions _vJuvenile fiction. |
|
| 906 |
_a7 _bcbc _ccopycat _d2 _encip _f20 _gy-gencatlg |
||
| 942 |
_2ddc _cBK _n0 |
||
| 999 |
_c2781 _d2781 |
||